| 000 | 01279nam a2200301Ia 4500 | ||
|---|---|---|---|
| 001 | ebr10689938 | ||
| 003 | CaPaEBR | ||
| 006 | m u | ||
| 007 | cr cn||||||||| | ||
| 008 | 111102s2013 bcca sb 001 0 eng d | ||
| 020 | _z9780774821414 | ||
| 020 | _z9780774821421 | ||
| 040 |
_aCaPaEBR _cCaPaEBR |
||
| 035 | _a(OCoLC)813523105 | ||
| 050 | 1 | 4 |
_aQL84.26.Q8 _bI54 2013eb |
| 100 | 1 | _aIngram, Darcy. | |
| 245 | 1 | 0 |
_aWildlife, conservation, and conflict in Quebec, 1840-1914 _h[electronic resource] / _cDarcy Ingram; foreword by Graeme Wynn. |
| 260 |
_aVancouver : _bUBC Press, _c2013. |
||
| 300 |
_axxvii, 272 p. : _bill. |
||
| 490 | 0 | _aThe nature | history | society series | |
| 504 | _aIncludes bibliographical references and index. | ||
| 533 |
_aElectronic reproduction. _bPalo Alto, Calif. : _cebrary, _d2013. _nAvailable via World Wide Web. _nAccess may be limited to ebrary affiliated libraries. |
||
| 650 | 0 |
_aWildlife conservation _zQuebec (Province) _xHistory _y19th century. |
|
| 650 | 0 |
_aWildlife conservation _zQuebec (Province) _xHistory _y20century. |
|
| 655 | 7 |
_aElectronic books. _2local |
|
| 710 | 2 | _aebrary, Inc. | |
| 856 | 4 | 0 |
_uhttp://site.ebrary.com/lib/rucke/Doc?id=10689938 _zAn electronic book accessible through the World Wide Web; click to view |
| 999 |
_c11048 _d11048 |
||